000 00786nam a2200229 a 4500
001 69047
003 BD-RjUL
005 20211209081838.0
008 170409r19501938ii ||||| |||| 00| 0 ben d
035 _a(BD-RjUL)69258
040 _aBD-RjUL
_bBen
_cBD-RjUL
041 _aBen
082 _223
_a891.442
_bRAS 1950
100 _aরায়, মন্মথ
_9204554
245 1 0 _aসাবিত্রী /
_cমন্মথ রায়
250 _a৩য় সং.
260 _aকলিকাতা :
_bগুরুদাস চট্ট্যোপাদ্যায় এন্ড সন্স,
_c১৯৫০
300 _a১০৩ পৃ. ;
_c২০ সেমি.
650 _aবাংলা নাটক
_9204555
650 _aBengali drama
_9204556
942 _2ddc
_cBK
999 _c69047
_d69047